| 000 | 00000nam##2200000za#4500 |
| 001 | 9.641859 |
| 003 | CaOODSP |
| 005 | 20210624223424 |
| 007 | cr ||||||||||| |
| 008 | 150407|1999||||xxc|||||o f|0| 0 fre|d |
| 040 | |aCaOODSP|bfre |
| 043 | |an-cn--- |
| 086 | 1 |aRH64-52/1999F-PDF |
| 110 | 1 |aCanada.|bDéveloppement des ressources humaines Canada. |bPolitique stratégique. |
| 245 | 10|aInitiatives stratégiques - évaluation provisoire de Succès Nouvelle-Écosse 2000 : |h[ressource électronique]|brapport final / |c[par] Évaluation et développement des données. |
| 260 | |aOttawa - Ontario : |bDéveloppement des ressources humaines Canada. |cFévrier 1999. |
| 300 | |a102p.|btableaux |
| 590 | |a13-12-Supp|b2013-05-10 |
| 775 | 08|tStrategic initiatives - interim evaluation of Success Nova Scotia 2000 : |w(CaOODSP)9.697853 |
| 856 | 40|ahttp://publications.gc.ca|qPDF|s381 Ko|uhttps://publications.gc.ca/collections/collection_2013/rhdcc-hrsdc/RH64-52-1999-fra.pdf |
| 986 | |aSP-AH089-02-99F |